Meydanları kaybolmuş yorgun bir semt (Record no. 379)

MARC details
000 -BAŞLIK
Sabit Uzunlukta Kontrol Alanı 00959na a2200313 4500
001 - KONTROL NUMARASI
Denetim Alanı 16037
003 - KONTROL NUMARASI IDENTIFIER
Denetim Alanı MIRAKIL
005 - SON İŞLEM TARİHİ VE ZAMANI
Denetim Alanı 20181213154747.0
008 - SABİT-BOY VERİ ELEMANLARI - GENEL BİLGİLER
Sabit Uzunlukta Kontrol Alanı 160929b tu 000 0
020 ## - ULUSLARARASI STANDART KİTAP NUMARASI
Uluslararası Standart Kitap Numarası 9786054307562
035 ## - SİSTEM KONTROL NUMARASI
Sistem Kontrol Numarası 16037
040 ## - KATALOGLAMA KAYNAK
Orijinal Kataloglama Ajansı Milas
Kataloglama Dili tur
Metne Dönüştürmek Ajansı TR-AnCHP
082 ## - DEWEY ONLU SINIFLANDIRMA NUMARASI
Sınıflandırma Numarası 956.22624
Ürün Numarası C25a 2010
090 ## - SINIFLAMA NUMARASI
Sınıflama Numarası 956.22624 C25a 2010
100 ## - ANA GİRİŞ - KİŞİSEL İSİM
Kişisel Ad Canberk, Güray
222 ## - ANAHTAR ADI
Anahtar Başlık Aksaray
245 ## - BAŞLIK TABLOSU
Başlık Meydanları kaybolmuş yorgun bir semt
Başlığın Kalan Aksaray
Sorumluluk Tablosu, Vb Sabri Kuşkonmaz ; editör Rozerin Doğan
260 ## - YAYIN, DAĞITIM, VB
Yayın, Dağıtım, Vb Yeri İstanbul
Yayıncı, Dağıtıcı, Vs Adı Heyamola yayınları
Yayın, Dağıtım, Vb Tarihi 2010
300 ## - FİZİKSEL TANIM
Kapsam 123 s.
Diğer Fiziksel Ayrıntıları res.
Boyutlar 20 sm.
490 ## - SERİSİ TABLOSU
Seri Beyanı İstanbulum dizisi
Hacim / Ardışık Tanımı 50
490 ## - SERİSİ TABLOSU
Seri Beyanı Heyamola Yayınları
Hacim / Ardışık Tanımı 156
504 ## - KAYNAKÇA VB NOT
Kaynakça Vb Notu Kaynakça var.
651 ## - KONU KATMA GİRİŞ - COĞRAFİ ADI
Coğrafi İsim Aksaray (İstanbul)
Genel Alt Bölümü Kültür
Kronolojik Alt Bölümü Tarih
651 ## - KONU KATMA GİRİŞ - COĞRAFİ ADI
Coğrafi İsim Aksaray (İstanbul)
Genel Alt Bölümü Gezi ve tanıtım
651 ## - KONU KATMA GİRİŞ - COĞRAFİ ADI
Coğrafi İsim İstanbul
Genel Alt Bölümü Kültür
Kronolojik Alt Bölümü Tarih
651 ## - KONU KATMA GİRİŞ - COĞRAFİ ADI
Coğrafi İsim İstanbul
Genel Alt Bölümü Tarih
Kronolojik Alt Bölümü Gezi ve tanıtım
700 ## - KATMA GİRİŞ - KİŞİSEL İSİM
Kişisel Ad Doğan, Rozerin
942 ## - EKLENDİ GİRİŞ ELEMANLARI (KOHA)
Sınıflandırma Veya Raf Düzeni Kaynak Dewey Decimal Classification
Koha Öğesi Türü Books
999 ## - SİSTEM KONTROL NUMARALARI (KOHA)
Koha Biblionumber 379
Koha Biblioitemnumber 379
Holdings
Kalıcı Konum Mevcut Konum Edinme Tarihi Edinim Kaynak Toplam Check-Out'Lar Tam Çağrı Numarası Barkod Tarih Son Görülme İtibaren Geçerli Fiyatlar Koha Öğesi Türü
CHP Kütüphanesi CHP Kütüphanesi 09/29/2016 Bağış   956.22624 C25a 2010 005624 09/29/2016 09/29/2016 Books